00000000nam##2200000za#4500
0019.578832
003CaOODSP
00520210624190255
007cr |||||||||||
008150406|1989||||xxc|||||o    f|0| 0 eng|d
022 |a1488-5379
040 |aCaOODSP|beng
043 |an-cn---
0861 |aFs97-6/1694E-PDF
1101 |aCanada. |bDepartment of Fisheries and Oceans.
24512|aA manual for scallop culture in British Columbia / |h[electronic resource]|cby N. Bourne, C.A. Hodgson and J.N.C. Whyte.
260 |aNanaimo - British Columbia : |bFisheries and Oceans Canada |c1989.
300 |a232p.|bfigs., references, tables
4901 |aCanadian technical report of fisheries and aquatic sciences|x1488-5379|vNo. 1694
500 |aOn t.p.: Pacific Biological Station, Nanaimo, British Columbia. The catalogue number and ISSN for the print edition appear in the PDF version.
546 |a(Résumé en français)
590 |a14-04-Supp|b2014-02-05
7201 |aBourne, N.
7201 |aWhyte, J. N. C.
7201 |aHodgson, C. A.
830#0|aCanadian technical report of fisheries and aquatic sciences,|x1488-5379|vNo. 1694|w(CaOODSP)9.504449
85640|ahttp://publications.gc.ca|qPDF|s22,012 KB|uhttps://publications.gc.ca/collections/collection_2014/mpo-dfo/Fs97-6-1694-eng.pdf|yNo. 1694